Loading...
| Fine Arts - Classical Music | 0 | 6 | 2 | 1 | 50 | 72 | 114.50 | 0 | 0 |
| Fine Arts - Painting & Sculpture | 0 | 3 | 1 | 1 | 25 | 143 | 145.67 | 0 | 0 |
| History - European History | 0 | 2 | 0 | 0 | 20 | 141 | 145.00 | 0 | 0 |
| Literature - European Literature | 0 | 2 | 1 | 1 | 15 | 104 | 132.00 | 0 | 0 |
| History - American History | 0 | 2 | 1 | 0 | 15 | 114 | 121.50 | 0 | 0 |
| Current Events | 0 | 1 | 0 | 0 | 10 | 108 | 108.00 | 0 | 0 |
| Literature - British Literature | 0 | 1 | 0 | 1 | 10 | 158 | 158.00 | 0 | 0 |
| Literature - World Literature | 0 | 1 | 0 | 0 | 10 | 140 | 140.00 | 0 | 0 |
| Philosophy | 0 | 1 | 0 | 0 | 10 | 114 | 114.00 | 0 | 0 |
| Literature - American Literature | 0 | 1 | 1 | 0 | 5 | 156 | 156.00 | 0 | 0 |
| Science - Other Science | 0 | 0 | 1 | 0 | -5 | 0.00 | 0 | 0 | |
| Religion | 0 | 0 | 1 | 0 | -5 | 0.00 | 0 | 0 |